Načítá se...
Vinod kadambari. /
| Hlavní autor: | |
|---|---|
| Médium: | Printed Book |
| Jazyk: | Hindi |
| Vydáno: |
1965.
|
| Témata: |
| LEADER | 00444nam a2200133Ia 4500 | ||
|---|---|---|---|
| 008 | 150624b ii ||||| |||| 00| 0 hin d | ||
| 082 | |a 891.202301 | ||
| 100 | |a Kautinyavaikunteshwar subrahmanyam | ||
| 245 | |a Vinod kadambari. / | ||
| 260 | |c 1965. | ||
| 650 | |x Sankrit literature. | ||
| 942 | |c BK | ||
| 999 | |c 62049 |d 62049 | ||
| 952 | |0 0 |1 0 |4 0 |6 891_202301000000000_SHA_V_S |7 0 |9 62026 |a UL |b UL |c SEC |d 2012-10-27 |l 0 |o 891.202301 SHA/V S |p G1073 |r 2012-10-27 |w 2012-10-27 |y BK | ||